[Event "Caxambu op"]
[Site "Caxambu"]
[Date "2023.07.23"]
[Round "6"]
[White "Barbosa, Flavio Novais"]
[Black "Lapertosa Viana, Julio"]
[Result "0-1"]
[WhiteElo "1849"]
[BlackElo "1955"]
[PlyCount "106"]
[EventDate "2023.07.20"]
[EventType "swiss"]
[EventRounds "7"]
[EventCountry "BRA"]
[SourceTitle "CBM 215 Extra"]
[Source "ChessBase"]
[SourceDate "2023.09.30"]
[SourceVersion "1"]
[SourceVersionDate "2023.09.30"]
[SourceQuality "1"]

1. d4 d5 2. c4 e6 3. Nf3 Nf6 4. g3 dxc4 5. Bg2 Bb4+ 6. Bd2 a5 7. 0-0 Nc6 8. Bf4 0-0 9. Qc2 Nxd4 10. Nxd4 Qxd4 11. Rd1 Qb6 12. Qxc4 Bd6 13. Bc1 e5 14. Nc3 Bc5 15. e3 Be6 16. Qe2 Bb4 17. Na4 Qa7 18. b3 Bg4 19. f3 Be6 20. Kh1 Rad8 21. Bb2 Nd7 22. Rac1 Bd6 23. f4 f6 24. Qf3 b6 25. Nc3 Nc5 26. Nb5 Qb8 27. f5 Bf7 28. Qc6 Be8 29. Qd5+ Kh8 30. Qc4 Qc8 31. g4 Qd7 32. Nxd6 cxd6 33. Bd5 b5 34. Qc2 Bf7 35. Qg2 Qa7 36. e4 b4 37. g5 Bxd5 38. Rxd5 fxg5 39. Rcd1 Qe7 40. Bc1 h6 41. Be3 Nb7 42. Qe2 Qf7 43. Bb6 Ra8 44. R1d3 Rfc8 45. h4 Rc1+ 46. Kg2 gxh4 47. Rh3 Qf6 48. Be3 Rc3 49. Qf2 Nc5 50. Bxc5 dxc5 51. Rxc3 bxc3 52. Rxc5 Qg5+ 53. Kh2 Rd8 0-1

[Event "Sao Paulo op"]
[Site "Sao Paulo"]
[Date "2023.06.25"]
[Round "6"]
[White "Barbosa, Flavio Novais"]
[Black "Ohara, Matheus Kendi"]
[Result "1/2-1/2"]
[WhiteElo "1836"]
[BlackElo "1790"]
[PlyCount "68"]
[EventDate "2023.06.23"]
[EventType "swiss"]
[EventRounds "6"]
[EventCountry "BRA"]
[SourceTitle "CBM 214 Extra"]
[Source "ChessBase"]
[SourceDate "2023.07.31"]
[SourceVersion "1"]
[SourceVersionDate "2023.07.31"]
[SourceQuality "1"]

1. d4 Nf6 2. Nf3 d5 3. Bf4 c5 4. c3 Qb6 5. Qb3 Qxb3 6. axb3 Nbd7 7. e3 e6 8. Bd3 Be7 9. h3 0-0 10. 0-0 Ne8 11. Nbd2 Bd6 12. Ne5 cxd4 13. exd4 f6 14. Nxd7 Bxf4 15. Nb6 Rb8 16. Nxc8 Rxc8 17. Nf3 a6 18. Rfe1 Rc6 19. g3 Bb8 20. Re2 Nc7 21. b4 b5 22. Kg2 Re8 23. Ree1 g6 24. h4 Kf7 25. h5 Rg8 26. hxg6+ hxg6 27. Nd2 Ne8 28. Nf3 Nd6 29. Ra2 Ne8 30. Raa1 Bd6 31. Re2 Rh8 32. Rh1 Rxh1 33. Kxh1 g5 34. Kg2 Rc8 1/2-1/2

[Event "Sao Paulo op"]
[Site "Sao Paulo"]
[Date "2023.06.25"]
[Round "5"]
[White "Casarin, Luis Marcio Pinhatt"]
[Black "Barbosa, Flavio Novais"]
[Result "1/2-1/2"]
[WhiteElo "1806"]
[BlackElo "1836"]
[PlyCount "50"]
[EventDate "2023.06.23"]
[EventType "swiss"]
[EventRounds "6"]
[EventCountry "BRA"]
[SourceTitle "CBM 214 Extra"]
[Source "ChessBase"]
[SourceDate "2023.07.31"]
[SourceVersion "1"]
[SourceVersionDate "2023.07.31"]
[SourceQuality "1"]

1. Nf3 Nf6 2. d4 d5 3. c4 c6 4. Nc3 g6 5. e3 Bg7 6. Bd3 0-0 7. 0-0 Bg4 8. h3 Bxf3 9. Qxf3 e6 10. b3 Nbd7 11. Bb2 Qe7 12. a4 Rfe8 13. Ba3 Qd8 14. Rac1 Rc8 15. Rfd1 Bf8 16. Bxf8 Kxf8 17. Qf4 Kg7 18. cxd5 exd5 19. Bc2 Qe7 20. Ne2 Ne4 21. Bxe4 Qxe4 22. Qd6 Qe7 23. Qf4 Qe4 24. Qd6 Qe7 25. Qf4 Qe4 1/2-1/2

[Event "Pocos de Caldas op"]
[Site "Pocos de Caldas"]
[Date "2023.03.18"]
[Round "3"]
[White "Aranha Filho, Alvaro Zimmermann"]
[Black "Barbosa, Flavio Novais"]
[Result "1-0"]
[WhiteElo "2138"]
[BlackElo "1844"]
[PlyCount "65"]
[EventDate "2023.03.17"]
[EventType "swiss"]
[EventRounds "6"]
[EventCountry "BRA"]
[SourceTitle "EXT 2024"]
[Source "ChessBase"]
[SourceDate "2023.10.10"]
[SourceVersion "1"]
[SourceVersionDate "2023.10.10"]
[SourceQuality "1"]

1. d4 d5 2. c4 c6 3. Nf3 Nf6 4. Nc3 dxc4 5. a4 Bf5 6. e3 e6 7. Bxc4 Bb4 8. 0-0 0-0 9. Qe2 Nbd7 10. Rd1 Rc8 11. e4 Bg6 12. Bd3 Be7 13. Bf4 Qa5 14. d5 exd5 15. exd5 Qb4 16. Bxg6 hxg6 17. Rd4 Qc5 18. Rc4 Qxc4 19. Qxc4 cxd5 20. Qb5 Nc5 21. Bg5 a6 22. Qf1 Rfd8 23. Rd1 Re8 24. h3 Ne6 25. Bxf6 Bxf6 26. Nxd5 Bxb2 27. Rb1 Ba3 28. Qd3 Bf8 29. Qb3 Nc5 30. Qa2 Re4 31. Ng5 Rxa4 32. Nf6+ Kh8 33. Nxf7# 1-0

[Event "Pocos de Caldas op"]
[Site "Pocos de Caldas"]
[Date "2023.03.17"]
[Round "2"]
[White "Barbosa, Flavio Novais"]
[Black "Mendes Domingues, Ribeiro Matheus"]
[Result "1/2-1/2"]
[WhiteElo "1844"]
[BlackElo "2225"]
[PlyCount "119"]
[EventDate "2023.03.17"]
[EventType "swiss"]
[EventRounds "6"]
[EventCountry "BRA"]
[SourceTitle "EXT 2024"]
[Source "ChessBase"]
[SourceDate "2023.10.10"]
[SourceVersion "1"]
[SourceVersionDate "2023.10.10"]
[SourceQuality "1"]

1. d4 d5 2. c4 e6 3. Nf3 Nf6 4. g3 Be7 5. Bg2 0-0 6. 0-0 dxc4 7. Ne5 Nc6 8. Nxc6 bxc6 9. Na3 Bxa3 10. bxa3 Nd5 11. Qa4 Nb6 12. Qxc6 Rb8 13. Bf4 Bb7 14. Qxc7 Bxg2 15. Qxd8 Rfxd8 16. Kxg2 Rxd4 17. Be3 Rd7 18. Rfc1 Nd5 19. Rxc4 Nxe3+ 20. fxe3 g6 21. Rac1 Kg7 22. R1c2 Rbd8 23. Kf2 Rd5 24. Rc5 g5 25. e4 Rxc5 26. Rxc5 Kg6 27. Rc7 Rd4 28. Rxa7 Rxe4 29. a4 h5 30. Ra8 f6 31. Kf3 Rb4 32. a5 Ra4 33. a6 Ra3+ 34. Kf2 Kf5 35. h3 Rxa2 36. a7 e5 37. Kf1 Ke4 38. Rf8 Rxa7 39. Rxf6 Ra3 40. Kg2 Re3 41. Rf2 h4 42. gxh4 gxh4 43. Kh2 Rg3 44. Rf8 Ke3 45. Rh8 Kxe2 46. Rxh4 Rg8 47. Rg4 Rf8 48. Kg2 Rf4 49. Rg3 e4 50. Ra3 Rf2+ 51. Kh1 Rf3 52. Ra2+ Ke3 53. Kg2 Rf8 54. Ra3+ Kf4 55. Kf2 Rb8 56. Ra2 Rb3 57. Kg2 Rg3+ 58. Kh2 Rg8 59. Rb2 Kf3 60. Rb7 1/2-1/2

[Event "Pocos de Caldas op"]
[Site "Pocos de Caldas"]
[Date "2023.03.17"]
[Round "1"]
[White "Metidieri, Diogenes Galavotti"]
[Black "Barbosa, Flavio Novais"]
[Result "0-1"]
[WhiteElo "1143"]
[BlackElo "1844"]
[PlyCount "58"]
[EventDate "2023.03.17"]
[EventType "swiss"]
[EventRounds "6"]
[EventCountry "BRA"]
[SourceTitle "EXT 2024"]
[Source "ChessBase"]
[SourceDate "2023.10.10"]
[SourceVersion "1"]
[SourceVersionDate "2023.10.10"]
[SourceQuality "1"]

1. d4 d5 2. c4 c6 3. Nf3 Nf6 4. Nc3 g6 5. e3 Bg7 6. cxd5 cxd5 7. Bd3 0-0 8. 0-0 Nc6 9. Re1 Bg4 10. h3 Bxf3 11. Qxf3 e6 12. e4 Nxd4 13. Qf4 Nc6 14. exd5 Nxd5 15. Nxd5 Qxd5 16. a3 Qxd3 17. Re3 Qd1+ 18. Kh2 Rac8 19. Qf3 Qxf3 20. Rxf3 Ne5 21. Rb3 b6 22. Bf4 Rc2 23. Be3 Nc4 24. Rc1 Nxe3 25. Rxc2 Nxc2 26. Rd3 Bxb2 27. Rd2 Be5+ 28. g3 Nd4 29. f4 Nf3+ 0-1

[Event "Florianopolis op 9th"]
[Site "Florianopolis"]
[Date "2023.01.29"]
[Round "10"]
[White "Martins, Giovanni Custodio"]
[Black "Barbosa, Flavio Novais"]
[Result "0-1"]
[WhiteElo "1658"]
[BlackElo "1863"]
[PlyCount "90"]
[EventDate "2023.01.23"]
[EventType "swiss"]
[EventRounds "10"]
[EventCountry "BRA"]
[SourceTitle "CBM 212 Extra"]
[Source "ChessBase"]
[SourceDate "2023.03.31"]
[SourceVersion "1"]
[SourceVersionDate "2023.03.31"]
[SourceQuality "1"]

1. e4 e6 2. c4 c5 3. Nf3 Nc6 4. Nc3 d6 5. g3 Nf6 6. Bg2 Be7 7. 0-0 0-0 8. d4 cxd4 9. Nxd4 e5 10. Nc2 Be6 11. Ne3 Nd4 12. Ned5 Nxd5 13. Nxd5 Bxd5 14. exd5 Rc8 15. Qd3 Qb6 16. b3 a5 17. Be3 a4 18. Rab1 axb3 19. Rxb3 Qa7 20. Rfb1 Rc7 21. Be4 g6 22. Ra3 Qc5 23. Ra4 Rd7 24. Rb5 Qc8 25. Bxd4 exd4 26. Qxd4 f5 27. Bd3 Bf6 28. Qb6 Qe8 29. Rb1 Re7 30. Qxd6 Qxa4 31. Qc5 Qd7 32. Rb6 Rc8 33. Qb4 Bd4 34. Rb5 b6 35. a4 Bc5 36. Qc3 Qd6 37. a5 bxa5 38. Qxa5 Bd4 39. Qd2 Qe5 40. Kg2 Ra7 41. f4 Qe3 42. Qc2 Rca8 43. Qb1 Ra2+ 44. Kh3 Qf3 45. Bxf5 Qh5# 0-1

[Event "Florianopolis op 9th"]
[Site "Florianopolis"]
[Date "2023.01.26"]
[Round "5"]
[White "Barbosa, Flavio Novais"]
[Black "Butzke, Lucas de Castro"]
[Result "1-0"]
[WhiteElo "1863"]
[BlackElo "1564"]
[PlyCount "103"]
[EventDate "2023.01.23"]
[EventType "swiss"]
[EventRounds "10"]
[EventCountry "BRA"]
[SourceTitle "CBM 212 Extra"]
[Source "ChessBase"]
[SourceDate "2023.03.31"]
[SourceVersion "1"]
[SourceVersionDate "2023.03.31"]
[SourceQuality "1"]

1. c4 e5 2. g3 Nc6 3. Bg2 f5 4. Nc3 Nf6 5. d3 Be7 6. Nf3 d6 7. Rb1 a5 8. a3 Nd4 9. e3 Nxf3+ 10. Bxf3 c6 11. b4 axb4 12. axb4 0-0 13. b5 d5 14. bxc6 bxc6 15. cxd5 cxd5 16. Qb3 Be6 17. Qb6 Bf7 18. 0-0 e4 19. dxe4 dxe4 20. Qxd8 Rfxd8 21. Be2 Rac8 22. Nb5 Nd5 23. Bb2 Rc2 24. Bd1 Rcc8 25. Nd4 g6 26. Bb3 Nc3 27. Bxf7+ Kxf7 28. Bxc3 Rxc3 29. Rb7 Ke8 30. Ra1 Rd7 31. Ra8+ Bd8 32. Rbb8 Ke7 33. Ra6 Kf7 34. Raa8 Ke7 35. Kg2 Rc1 36. h4 Rc4 37. h5 Rcc7 38. hxg6 hxg6 39. Ra6 Kf7 40. Ne6 Be7 41. Nxc7 Rxc7 42. Rab6 Rc2 43. Rb2 Rc1 44. R8b7 Rc6 45. Rb1 Re6 46. R1b6 Re5 47. Rb5 Re6 48. Kf1 Rc6 49. Re5 Re6 50. Rxe6 Kxe6 51. Rb6+ Kf7 52. Ke2 1-0

[Event "Pocos de Caldas op"]
[Site "Pocos de Caldas"]
[Date "2022.03.13"]
[Round "6"]
[White "Pironti, Francisco Ferrari"]
[Black "Barbosa, Flavio Novais"]
[Result "0-1"]
[WhiteElo "1719"]
[BlackElo "1852"]
[PlyCount "80"]
[EventDate "2022.03.11"]
[EventType "swiss"]
[EventRounds "6"]
[EventCountry "BRA"]
[SourceTitle "EXT 2023"]
[Source "ChessBase"]
[SourceDate "2022.10.05"]
[SourceVersion "1"]
[SourceVersionDate "2022.10.05"]
[SourceQuality "1"]

1. d4 Nf6 2. Nf3 d5 3. c4 e6 4. g3 Be7 5. Bg2 0-0 6. 0-0 dxc4 7. Qa4 a6 8. Qxc4 b5 9. Qc2 Bb7 10. Bd2 Nbd7 11. Ba5 Nb6 12. Nbd2 Rc8 13. Bxb6 cxb6 14. Qd3 Rc7 15. Ng5 Bxg2 16. Kxg2 Qd5+ 17. Ngf3 Rfc8 18. Nb3 Qc4 19. Rac1 Qxd3 20. exd3 Nd5 21. Rxc7 Rxc7 22. Rc1 Rxc1 23. Nxc1 f6 24. Nd2 Bb4 25. Ndb3 a5 26. a3 a4 27. axb4 axb3 28. Nxb3 Nxb4 29. Nc1 Nc2 30. Ne2 Ne1+ 31. Kh3 Nxd3 32. b3 Nxf2+ 33. Kg2 Ne4 34. Kh3 Kf7 35. Kg4 Ke7 36. Kf4 Nd2 37. Nc1 Kd6 38. h4 Kd5 39. Ke3 Nf1+ 40. Kf2 Nxg3 0-1

[Event "Pocos de Caldas op"]
[Site "Pocos de Caldas"]
[Date "2022.03.11"]
[Round "1"]
[White "Barbosa, Flavio Novais"]
[Black "Vianna, Tulio Lima"]
[Result "1-0"]
[WhiteElo "1852"]
[BlackElo "1827"]
[PlyCount "69"]
[EventDate "2022.03.11"]
[EventType "swiss"]
[EventRounds "6"]
[EventCountry "BRA"]
[SourceTitle "CBM 207 Extra"]
[Source "ChessBase"]
[SourceDate "2022.05.31"]
[SourceVersion "1"]
[SourceVersionDate "2022.05.31"]
[SourceQuality "1"]

1. d4 Nf6 2. c4 e5 3. dxe5 Ng4 4. Bf4 Nc6 5. Nf3 Bb4+ 6. Nbd2 Qe7 7. e3 Ngxe5 8. Be2 0-0 9. 0-0 Re8 10. Nxe5 Nxe5 11. Nf3 Bd6 12. Nd4 Bc5 13. Nb5 d6 14. Nc3 Be6 15. Nd5 Qd7 16. b3 Bb6 17. a4 c6 18. Nxb6 axb6 19. Qd4 c5 20. Qc3 Ng6 21. Bg3 d5 22. Rad1 Rad8 23. cxd5 Bg4 24. Bb5 Qe7 25. f3 Bd7 26. Bc7 Bxb5 27. Bxd8 Rxd8 28. axb5 Ne5 29. e4 Qf6 30. f4 Nd7 31. e5 Qf5 32. Qd3 Qxd3 33. Rxd3 Kf8 34. Re1 g6 35. e6 1-0

[Event "Pocos de Caldas op"]
[Site "Pocos de Caldas"]
[Date "2022.03.11"]
[Round "2"]
[White "Silva, Kaua Marques"]
[Black "Barbosa, Flavio Novais"]
[Result "1-0"]
[WhiteElo "2164"]
[BlackElo "1852"]
[PlyCount "95"]
[EventDate "2022.03.11"]
[EventType "swiss"]
[EventRounds "6"]
[EventCountry "BRA"]
[SourceTitle "CBM 207 Extra"]
[Source "ChessBase"]
[SourceDate "2022.05.31"]
[SourceVersion "1"]
[SourceVersionDate "2022.05.31"]
[SourceQuality "1"]

1. d4 Nf6 2. c4 e6 3. Nc3 d5 4. cxd5 exd5 5. Bg5 Be7 6. e3 0-0 7. Bd3 c6 8. Qc2 h6 9. Bf4 Bd6 10. Nge2 Qe7 11. Bxd6 Qxd6 12. 0-0-0 Na6 13. Bxa6 bxa6 14. Ng3 Be6 15. Na4 Nd7 16. Rd3 Rab8 17. Rc3 Rfc8 18. Kb1 Nb6 19. Ka1 Nxa4 20. Qxa4 Qb4 21. Qxb4 Rxb4 22. Rhc1 Rcb8 23. b3 Bd7 24. Rc5 R8b5 25. Kb2 a5 26. Rxb5 Rxb5 27. a4 Rb7 28. Rc5 Kf8 29. Rxa5 Ke7 30. Ka3 Kd6 31. b4 g6 32. Ne2 Kc7 33. Nc1 Kb8 34. Nb3 Be8 35. Rc5 Rb6 36. f3 f5 37. e4 fxe4 38. fxe4 dxe4 39. Re5 Bf7 40. Nc5 Kc8 41. a5 Rb5 42. Rxe4 Kd8 43. g4 Rb8 44. h4 Bd5 45. Re5 Bf3 46. Re6 Bxg4 47. Rxg6 Bd7 48. Rd6 1-0

[Event "Florianopolis op 8th"]
[Site "Florianopolis"]
[Date "2022.01.28"]
[Round "7"]
[White "Oliveira, Tiago Batista"]
[Black "Barbosa, Flavio Novais"]
[Result "1-0"]
[WhiteElo "2025"]
[BlackElo "1868"]
[PlyCount "53"]
[EventDate "2022.01.24"]
[EventType "swiss"]
[EventRounds "10"]
[EventCountry "BRA"]
[SourceTitle "CBM 206 Extra"]
[Source "ChessBase"]
[SourceDate "2022.03.31"]
[SourceVersion "1"]
[SourceVersionDate "2022.03.31"]
[SourceQuality "1"]

1. d4 Nf6 2. Nf3 d5 3. c4 e6 4. Nbd2 Be7 5. g3 0-0 6. Bg2 c6 7. 0-0 b6 8. Qc2 Bb7 9. Rd1 Qc8 10. e4 dxe4 11. Nxe4 c5 12. Nxf6+ Bxf6 13. dxc5 bxc5 14. Be3 Nd7 15. Rd2 Qc7 16. Rad1 Rfd8 17. Ng5 g6 18. Bxb7 Qxb7 19. Ne4 Be7 20. Bxc5 Ne5 21. Rxd8+ Rxd8 22. Rxd8+ Bxd8 23. Qe2 f5 24. Ng5 Bc7 25. Bd4 h6 26. Bxe5 hxg5 27. Bxc7 1-0

[Event "Florianopolis op 8th"]
[Site "Florianopolis"]
[Date "2022.01.25"]
[Round "2"]
[White "Barbosa, Flavio Novais"]
[Black "Brito, Luismar Jorge"]
[Result "1/2-1/2"]
[WhiteElo "1868"]
[BlackElo "2215"]
[PlyCount "90"]
[EventDate "2022.01.24"]
[EventType "swiss"]
[EventRounds "10"]
[EventCountry "BRA"]
[SourceTitle "CBM 206 Extra"]
[Source "ChessBase"]
[SourceDate "2022.03.31"]
[SourceVersion "1"]
[SourceVersionDate "2022.03.31"]
[SourceQuality "1"]

1. d4 Nf6 2. c4 e6 3. Nf3 b6 4. g3 Bb7 5. Bg2 Bb4+ 6. Bd2 Qe7 7. 0-0 0-0 8. Bf4 Bd6 9. Bxd6 Qxd6 10. Nc3 Qe7 11. Qc2 d6 12. Rad1 Nbd7 13. Rfe1 Rae8 14. e4 e5 15. d5 a5 16. a3 Ba6 17. Nb5 Qd8 18. b4 g6 19. Bh3 Nh5 20. Na7 Nb8 21. bxa5 bxa5 22. Qa4 f5 23. exf5 gxf5 24. Qxa5 c5 25. Qxd8 Rxd8 26. Nb5 Ng7 27. Rb1 Kf7 28. Rb2 Ke7 29. Nd2 Bxb5 30. cxb5 Nd7 31. Nc4 Ra8 32. Ra1 Ra4 33. Bf1 Rb8 34. Rb3 Ne8 35. Nb2 Ra5 36. a4 Nb6 37. Nc4 Rxa4 38. Rxa4 Nxa4 39. Ra3 Ra8 40. Bd3 Nc7 41. Bc2 Nb6 42. Rxa8 Ncxa8 43. Nxb6 Nxb6 44. Bxf5 Nxd5 45. Bxh7 Nf6 1/2-1/2

[Event "Sao Paulo Carnaval op"]
[Site "Sao Paulo"]
[Date "2020.02.22"]
[Round "2"]
[White "Aranha Filho, Alvaro Zimmermann"]
[Black "Barbosa, Flavio Novais"]
[Result "1-0"]
[WhiteElo "2207"]
[BlackElo "1845"]
[PlyCount "43"]
[EventDate "2020.02.22"]
[EventType "swiss"]
[EventRounds "7"]
[EventCountry "BRA"]
[SourceTitle "CBM 195 Extra"]
[Source "ChessBase"]
[SourceDate "2020.05.31"]
[SourceVersion "1"]
[SourceVersionDate "2020.05.31"]
[SourceQuality "1"]

1. d4 Nf6 2. c4 e6 3. Nc3 d5 4. cxd5 exd5 5. Bg5 Be7 6. e3 0-0 7. Bd3 c6 8. Qc2 Nbd7 9. Nge2 Re8 10. 0-0 Ne4 11. Bf4 f5 12. Nxd5 Bd6 13. Ndc3 Ndf6 14. Rae1 g5 15. Bxd6 Qxd6 16. Ng3 Nxc3 17. bxc3 f4 18. exf4 Rxe1 19. Rxe1 gxf4 20. Ne4 Nxe4 21. Bxe4 Qc7 22. Bxh7+ 1-0

[Event "Brazil Pocos de Caldas op"]
[Site "Pocos de Caldas"]
[Date "2018.03.04"]
[Round "5"]
[White "Barbosa, Evandro Amorim"]
[Black "Barbosa, Flavio Novais"]
[Result "1-0"]
[WhiteElo "2523"]
[BlackElo "1867"]
[PlyCount "35"]
[EventDate "2018.03.02"]
[EventType "swiss"]
[EventRounds "6"]
[EventCountry "BRA"]
[SourceTitle "CBM 183 Extra"]
[Source "ChessBase"]
[SourceDate "2018.04.19"]
[SourceVersion "1"]
[SourceVersionDate "2018.04.19"]
[SourceQuality "1"]

1. e4 e6 2. d3 d5 3. Qe2 Nf6 4. Nf3 Be7 5. g3 c5 6. Bg2 Nc6 7. 0-0 b5 8. exd5 exd5 9. d4 c4 10. Ne5 Bb7 11. Nxc6 Bxc6 12. Re1 a5 13. Bg5 Qd6 14. Nc3 Ra7 15. Bxf6 Qxf6 16. Bxd5 0-0 17. Qe4 b4 18. Bxc6 1-0

[Event "Florianopolis op 4th"]
[Site "Florianopolis"]
[Date "2018.01.19"]
[Round "1"]
[White "Wilberger, Marcelo"]
[Black "Barbosa, Flavio Novais"]
[Result "1/2-1/2"]
[WhiteElo "1689"]
[BlackElo "1860"]
[PlyCount "48"]
[EventDate "2018.01.19"]
[EventType "swiss"]
[EventRounds "10"]
[EventCountry "BRA"]
[SourceTitle "CBM 182 Extra"]
[Source "ChessBase"]
[SourceDate "2018.02.23"]
[SourceVersion "1"]
[SourceVersionDate "2018.02.23"]
[SourceQuality "1"]

1. Nf3 Nf6 2. g3 d5 3. Bg2 e6 4. 0-0 Be7 5. d4 c6 6. c4 Nbd7 7. Qc2 0-0 8. Nbd2 b6 9. Rd1 Bb7 10. e4 dxe4 11. Nxe4 Nxe4 12. Qxe4 Nf6 13. Qc2 Qc7 14. Bf4 Bd6 15. Bxd6 Qxd6 16. c5 Qc7 17. a3 Rac8 18. Rac1 Rfd8 19. Ng5 h6 20. Ne4 Nxe4 21. Qxe4 Qd7 22. Bf3 b5 23. b4 Ra8 24. a4 a6 1/2-1/2

[Event "Sao Paulo op-B U2050 6th"]
[Site "Sao Paulo"]
[Date "2017.04.16"]
[Round "5"]
[White "Barbosa, Flavio Novais"]
[Black "Pires, Washington Gabriel"]
[Result "1-0"]
[WhiteElo "1857"]
[BlackElo "1978"]
[PlyCount "81"]
[EventDate "2017.04.14"]
[EventType "swiss"]
[EventRounds "6"]
[EventCountry "BRA"]
[SourceTitle "EXT 2019"]
[Source "ChessBase"]
[SourceDate "2018.10.10"]
[SourceVersion "1"]
[SourceVersionDate "2018.10.10"]
[SourceQuality "1"]

1. d4 f5 2. Bg5 h6 3. Bh4 g5 4. Bg3 Nf6 5. e3 d6 6. Nc3 Bg7 7. Bd3 e6 8. h4 Qe7 9. Qe2 Bd7 10. hxg5 hxg5 11. Rxh8+ Bxh8 12. Nh3 Qg7 13. f4 g4 14. Nf2 d5 15. 0-0-0 Nc6 16. Rh1 0-0-0 17. Bb5 Nb8 18. Bh4 a6 19. Bxd7+ Nbxd7 20. Nd3 Kb8 21. Bg5 Rc8 22. Bxf6 Qxf6 23. Rh7 Nf8 24. Ne5 Bg7 25. Na4 Ka7 26. Rh1 Qe7 27. Nc6+ bxc6 28. Nc5 Qxc5 29. dxc5 Rb8 30. b3 Rb5 31. Qf2 Rxc5 32. e4 d4 33. e5 Rd5 34. Rd1 c5 35. c3 Nd7 36. c4 Rxe5 37. fxe5 Bxe5 38. Re1 Bf6 39. Rxe6 Bg5+ 40. Kc2 f4 41. Qe2 1-0

[Event "Pocos de Caldas op"]
[Site "Pocos de Caldas"]
[Date "2017.03.12"]
[Round "6"]
[White "Barbosa, Flavio Novais"]
[Black "Lapertosa Viana, Julio"]
[Result "0-1"]
[WhiteElo "1843"]
[BlackElo "2095"]
[PlyCount "80"]
[EventDate "2017.03.10"]
[EventType "swiss"]
[EventRounds "6"]
[EventCountry "BRA"]
[SourceTitle "EXT 2018"]
[Source "ChessBase"]
[SourceDate "2017.10.13"]
[SourceVersion "1"]
[SourceVersionDate "2017.10.13"]
[SourceQuality "1"]

1. d4 d5 2. Nf3 Nf6 3. Bf4 c5 4. e3 Qb6 5. Qc1 Nc6 6. c3 Bf5 7. Be2 e6 8. h3 h6 9. Nbd2 Rc8 10. 0-0 cxd4 11. Nxd4 Bg6 12. Nxc6 bxc6 13. Nf3 Be7 14. Rd1 0-0 15. Bd3 Be4 16. Qc2 Rfd8 17. Be5 Bxd3 18. Rxd3 Nd7 19. Bg3 Bf6 20. Rd2 Nc5 21. Be5 Ne4 22. Bxf6 Nxf6 23. Rad1 Rb8 24. b3 Rdc8 25. Re2 Rc7 26. Nd2 Rd7 27. Rc1 Rbd8 28. Nf3 Rc7 29. Nd2 Rcc8 30. Ree1 Qa6 31. Rcd1 Nd7 32. e4 Qb6 33. Re3 Nf8 34. Rd3 Ng6 35. exd5 cxd5 36. c4 Nf4 37. Re3 Qc6 38. Nf3 d4 39. Re4 d3 40. Rxd3 Nxd3 0-1